Statistics for Words That End in U

Click here to take the quiz!

General Stats

  • This quiz has been taken 9,344 times
    (9,319 since last reset)
  • The average score is 12 of 20

Answer Stats

DefinitionWord% Correct
Skirt worn by ballerinas.Tutu
92%
Three line poem with lines having five, seven, and five syllables.Haiku
85%
A list of the dishes to be served or available for a meal.Menu
84%
A food made from curdled soy milk.Tofu
79%
Castle or manor house in a French-speaking region.Chateau
77%
French word for farewell. The literal meaning is (I commend you) to God.Adieu
75%
Coffee flavored Italian desert whose name is Italian for "pick me up".Tiramisu
74%
Hindu spiritual teacher or, in modern times, an influential mentor.Guru
71%
Archaic form of the word "you".Thou
65%
An elevated, comparatively level expanse of land.Plateau
63%
A swamp or slow-moving river commonly associated with Louisiana.Bayou
60%
Another name for a reindeer.Caribou
56%
A male sweetheart or suitor.Beau
53%
A government office.Bureau
47%
Japanese martial art that uses the force of one's adversary against them.Jujitsu
42%
This light beige color:
 
Ecru
34%
A glitch or mishap that does not rise to the level of fubar.Snafu
34%
A loose Hawaiian dress.Mumu
32%
Toxic puffer fish occassionally eaten as sushi.Fugu
25%
Humped cattle of South Asia.Zebu
14%

Score Distribution

Percentile by Number Answered

Percent of People with Each Score

Your Score History

You have not taken this quiz since the last reset